书目信息 |
| 题名: |
管好你的钱
|
|
| 作者: | 方伟文 , 许星期 著 ;刘庸安 , 诸文辉 , 王津和 译 | |
| 分册: | ||
| 出版信息: | 北京 中信出版社 2003.10 |
|
| 页数: | 12, 237页 | |
| 开本: | 22cm | |
| 丛书名: | ||
| 单 册: | ||
| 中图分类: | TS976.15 | |
| 科图分类: | ||
| 主题词: | 家庭管理--财务管理 | |
| 电子资源: | ||
| ISBN: | 7-80073-920-1 | |
| 000 | 01207nam 2200289 450 | |
| 001 | 0120041111 | |
| 005 | 20051012104504.07 | |
| 010 | @a7-80073-920-1@dCNY21.00 | |
| 100 | @a20031211d2003 kmey0chiy0121 ea | |
| 101 | 0 | @achi |
| 102 | @aCN@b110000 | |
| 105 | @ay z 000yy | |
| 200 | 1 | @a管好你的钱@AGuan Hao Ni De Qian@d= Managing your money@e父亲给儿子的40给理财忠告@f(新加坡)方伟文,许星期著@F(Xin Jia Po)Fang Wei Wen,Xu Xing Qi Zhu@g刘庸安, 诸文辉, 王津和译@Gliu yong an,zhu wen hui,wang jin he yi@zeng |
| 210 | @a北京@c中信出版社@d2003.10 | |
| 215 | @a12, 237页@d22cm | |
| 330 | @a本书涉及个人理财的方方面面,包括:如何为买车、买房贷款,如何为自己买合适的保险,如何投资股票,如何少交所得税、遗产税等,几乎一个人一生所有的经济打算都被考虑到了。 | |
| 510 | 1 | @aManaging your money@zeng |
| 517 | 1 | @a父亲给儿子的40给理财忠告@AFu Qin Gei Er Zi De 40 Gei Li Cai Zhong Gao |
| 606 | 0 | @a家庭管理@x财务管理 |
| 690 | @aTS976.15@v4 | |
| 701 | 0 | @a方伟文@AFang Wei Wen@4著 |
| 701 | 0 | @a许星期@AXu Xing Qi@4著 |
| 702 | 0 | @a刘庸安@Aliu yong an@4译 |
| 702 | 0 | @a诸文辉@Azhu wen hui@4译 |
| 702 | 0 | @a王津和@Awang jin he@4译 |
| 801 | 0 | @aCN@bQSSK@c20051012 |
| 905 | @a10447@dTS976.15@eF257 | |
| 管好你的钱= Managing your money:父亲给儿子的40给理财忠告/(新加坡)方伟文,许星期著/刘庸安, 诸文辉, 王津和译.-北京:中信出版社,2003.10 |
| 12, 237页;22cm |
| ISBN 7-80073-920-1:CNY21.00 |
| 本书涉及个人理财的方方面面,包括:如何为买车、买房贷款,如何为自己买合适的保险,如何投资股票,如何少交所得税、遗产税等,几乎一个人一生所有的经济打算都被考虑到了。 |
| ● |
| 相关链接 |
|
|
|
正题名:管好你的钱
索取号:TS976.15/F257
 
预约/预借
| 序号 | 登录号 | 条形码 | 馆藏地/架位号 | 状态 | 备注 |
| 1 | 567034 | 205670344 | 自科库501/501自科库 46排3列3层/ [索取号:TS976.15/F257] | 在馆 | |
| 2 | 567035 | 205670353 | 自科库501/501自科库 46排3列3层/ [索取号:TS976.15/F257] | 在馆 | |
| 3 | 567036 | 205670362 | 自科库501/501自科库 46排3列3层/ [索取号:TS976.15/F257] | 在馆 |